000 00460nam a2200169 a 4500
001 0000-9044
003 ELIB.Books
008 110520 1965
035 _a(ELIB.Books)0000-9193
082 _a225.7
_bCol
100 _aCole, Alan
245 _aTyndale (The Epistle of Paul to the Galatians)
260 _bGrand Rapids: Wm. B. Eerdmans Publishing Co.
_c1965
650 _aCommentaries
942 _2ddc
_cBK
998 _cbat
_e2011-05-20
999 _c9044
_d9044